Los Mundiales que he vivido : (Registro nro. 10642)

Detalles MARC
000 -LIDER
fixed length control field 00676nam a22002177a 4500
001 - NÚMERO DE CONTROL
Identificador de número de control 000339
003 - IDENTIFICACDOR DE NÚMERO DE CONTROL
control field DO-SdBNP
005 - DATE AND TIME OF LATEST TRANSACTION
control field 20180131124510.0
007 - CAMPOS FIJOS DE DESCRIPCIÓN FÍSICA
fixed length control field 000339
008 - ELEMENTOS DE LONGITUD FIJA
fixed length control field 160630b 1981 sp xxu||||| |||| 00| 0 spa d
020 ## - ISBN
International Standard Book Number 8428311455
040 ## - FUENTE DE CATALOGACIÓN
Agencia que crea de manera original el registro BPMSU
Idioma de catalogación spa
Agencia que realiza la transcripción BPMSU
100 1# - ASIENTO PRINCIPAL -- NOMBRE PERSONAL
Nombre personal Escartín, Pedro
245 10 - MENCIÓN DE TITULO
Título Los Mundiales que he vivido :
Subtítulo y el Mundial 82 /
Mención de responsabilidad Pedro Escartín , prólogo de José Santamaría Iglesias.
260 ## - PUBLICACIÓN, DISTRIBUCIÓN, ETC. (PIE DE IMPRENTA)
Lugar de publicación, distribución, etc Madrid :
Nombre del editor, distribuidor, etc. Paraninfo,
Fecha de publicación, distribución, etc 1981.
300 ## - DESCRIPCIÓN FÍSICA
Extensión 232 p. :
Otros detalles físicos il. ;
Dimensiones 20 cm.
700 12 - ASIENTO SECUNDARIO -- NOMBRE PERSONAL
Nombre personal Santamaría Iglesias, José,
Fechas asociadas con el nombre pról.
942 ## - ADDED ENTRY ELEMENTS (KOHA)
Source of classification or shelving scheme Dewey Decimal Classification
Koha item type Libros
945 ## - INFORMACIÓN DE PROCESAMIENTO LOCAL
Información de procesamiento local Inventariado, 2018/MFF
956 ## - LOCAL ELECTRONIC LOCATION AND ACCESS (OCLC)
Método de acceso LOPEREZ
Materiales especificados 10
Enlace 20160630
Campo enlazado y núm. de secuencia BPMSU
Nombre de host 00041
Existencias
Withdrawn status Lost status Source of classification or shelving scheme Damaged status Not for loan Collection code Home library Current library Date acquired Source of acquisition Total Checkouts Barcode Date last seen Price effective from Koha item type
    Dewey Decimal Classification     Colección General Biblioteca Pública Metropolitana Salomé Ureña Biblioteca Pública Metropolitana Salomé Ureña 06/30/2016 FUNDI   BPMSU16060771 06/30/2016 06/30/2016 Libros